[Event "M?R 2020 v bleskovém ?achu druzstev"]
[Site "Turnov"]
[Date "2020.09.12"]
[Round "10.1"]
[White "Kraus TUR_A, Tomas"]
[Black "Flajsman DVO, Pavel"]
[Result "1-0"]
[BlackElo "2025"]
[WhiteElo "2417"]
[LiveChessVersion "1.4.8"]

1. e4 {[%clk 0:03:03]} c5 {[%clk 0:03:04]} 2. Nc3 {[%clk 0:03:04]} Nc6
{[%clk 0:03:04]} 3. Bb5 {[%clk 0:03:05]} Nd4 {[%clk 0:03:00]} 4. Bc4
{[%clk 0:03:06]} e6 {[%clk 0:02:53]} 5. Nge2 {[%clk 0:03:05]} a6 {[%clk 0:02:50]}
6. Nxd4 {[%clk 0:02:56]} cxd4 {[%clk 0:02:51]} 7. Ne2 {[%clk 0:02:57]} b5
{[%clk 0:02:42]} 8. Bb3 {[%clk 0:02:58]} Qb6 {[%clk 0:02:41]} 9. d3
{[%clk 0:02:52]} g6 {[%clk 0:02:27]} 10. O-O {[%clk 0:02:42]} Bg7
{[%clk 0:02:29]} 11. Kh1 {[%clk 0:02:39]} Ne7 {[%clk 0:02:26]} 12. f4
{[%clk 0:02:39]} O-O {[%clk 0:02:19]} 13. Qe1 {[%clk 0:02:28]} f5
{[%clk 0:01:57]} 14. Bd2 {[%clk 0:02:05]} Bb7 {[%clk 0:01:48]} 15. Ba5
{[%clk 0:01:47]} Qc6 {[%clk 0:01:48]} 16. Ng3 {[%clk 0:01:34]} fxe4
{[%clk 0:01:21]} 17. dxe4 {[%clk 0:01:29]} Nf5 {[%clk 0:01:11]} 18. Nxf5
{[%clk 0:00:45]} gxf5 {[%clk 0:01:12]} 19. c3 {[%clk 0:00:38]} Qxe4
{[%clk 0:01:08]} 20. Qxe4 {[%clk 0:00:37]} Bxe4 {[%clk 0:01:09]} 21. cxd4
{[%clk 0:00:31]} Bxd4 {[%clk 0:00:31]} 22. Rad1 {[%clk 0:00:32]} Bxb2
{[%clk 0:00:30]} 23. Rxd7 {[%clk 0:00:34]} Rfe8 {[%clk 0:00:19]} 24. Rfd1
{[%clk 0:00:20]} Bf6 {[%clk 0:00:19]} 25. R1d6 {[%clk 0:00:18]} Rac8
{[%clk 0:00:06]} 26. h3 {[%clk 0:00:19]} Rc1+ {[%clk 0:00:04]} 27. Kh2
{[%clk 0:00:20]} Bh4 {[%clk 0:00:03]} 28. Bxe6+ Kh8 29. Bb6 {[%clk 0:00:17]} Bf2
{[%clk 0:00:04]} 30. Bxf2 {[%clk 0:00:18]} Rc2 {[%clk 0:00:04]} 31. Bd4# 1-0

[Event "M?R 2020 v bleskovém ?achu druzstev"]
[Site "Turnov"]
[Date "2020.09.12"]
[Round "10.2"]
[White "Cesal DVO, Jaroslav"]
[Black "Simacek TUR_A, Pavel"]
[Result "1/2-1/2"]
[BlackElo "2407"]
[WhiteElo "2158"]
[LiveChessVersion "1.4.8"]

1. d4 {[%clk 0:03:02]} Nf6 {[%clk 0:03:03]} 2. Nf3 {[%clk 0:03:03]} c5
{[%clk 0:03:03]} 3. c3 {[%clk 0:03:04]} b6 {[%clk 0:02:58]} 4. g3
{[%clk 0:03:04]} Bb7 {[%clk 0:02:58]} 5. Bg2 {[%clk 0:03:05]} g6 {[%clk 0:02:56]}
6. O-O {[%clk 0:03:05]} Bg7 {[%clk 0:02:57]} 7. Re1 {[%clk 0:03:03]} O-O
{[%clk 0:02:56]} 8. Nbd2 {[%clk 0:03:03]} Ne4 {[%clk 0:02:45]} 9. Nxe4
{[%clk 0:02:58]} Bxe4 {[%clk 0:02:45]} 10. Ng5 {[%clk 0:02:48]} Bxg2
{[%clk 0:02:41]} 11. Kxg2 {[%clk 0:02:49]} cxd4 {[%clk 0:02:31]} 12. cxd4
{[%clk 0:02:49]} d5 {[%clk 0:02:32]} 13. Bf4 {[%clk 0:02:32]} Nc6
{[%clk 0:02:31]} 14. Nf3 {[%clk 0:02:32]} Qd7 {[%clk 0:02:22]} 15. Rc1
{[%clk 0:02:31]} Rfc8 {[%clk 0:02:22]} 16. Ne5 {[%clk 0:02:27]} Qb7
{[%clk 0:02:06]} 17. Nxc6 {[%clk 0:02:00]} Rxc6 {[%clk 0:02:06]} 18. Rxc6 Qxc6
{[%clk 0:02:07]} 19. Be5 {[%clk 0:01:51]} Bxe5 {[%clk 0:01:49]} 20. dxe5
{[%clk 0:01:52]} d4+ {[%clk 0:01:51]} 21. f3 {[%clk 0:01:48]} Rd8
{[%clk 0:01:50]} 22. Qd3 {[%clk 0:01:46]} Qd5 {[%clk 0:01:49]} 23. Qa6
{[%clk 0:01:35]} Qxe5 {[%clk 0:01:38]} 24. Qxa7 {[%clk 0:01:30]} d3
{[%clk 0:01:38]} 25. Qxb6 {[%clk 0:01:26]} Rd6 {[%clk 0:01:36]} 26. Qb8+
{[%clk 0:01:20]} Kg7 {[%clk 0:01:37]} 27. e4 {[%clk 0:01:16]} d2 {[%clk 0:01:37]}
28. Rd1 {[%clk 0:01:13]} Qc5 {[%clk 0:01:34]} 29. Qb3 {[%clk 0:01:10]} e5
{[%clk 0:01:27]} 30. Qc3 {[%clk 0:01:09]} Qxc3 {[%clk 0:01:00]} 31. bxc3
{[%clk 0:01:11]} Rd3 {[%clk 0:01:01]} 32. Kf2 {[%clk 0:01:09]} h5
{[%clk 0:01:01]} 33. Ke2 {[%clk 0:01:10]} Rxc3 {[%clk 0:01:02]} 34. Rxd2
{[%clk 0:01:11]} Ra3 {[%clk 0:01:03]} 35. h4 {[%clk 0:01:11]} Kf6
{[%clk 0:01:04]} 36. Rc2 {[%clk 0:01:11]} Ke6 {[%clk 0:01:04]} 37. Rb2
{[%clk 0:01:09]} Kf6 {[%clk 0:01:05]} 1/2-1/2

[Event "M?R 2020 v bleskovém ?achu druzstev"]
[Site "Turnov"]
[Date "2020.09.12"]
[Round "10.3"]
[White "Vykouk TUR_A, Jan"]
[Black "Kopriva DVO, Martin"]
[Result "1-0"]
[BlackElo "1958"]
[WhiteElo "2374"]
[LiveChessVersion "1.4.8"]

1. e4 {[%clk 0:03:03]} g6 {[%clk 0:03:04]} 2. d4 {[%clk 0:03:04]} Bg7
{[%clk 0:03:05]} 3. Nc3 {[%clk 0:03:04]} d6 {[%clk 0:03:07]} 4. Be3
{[%clk 0:03:05]} a6 {[%clk 0:03:08]} 5. Qd2 {[%clk 0:03:06]} b5 {[%clk 0:03:08]}
6. h4 {[%clk 0:03:07]} h5 {[%clk 0:02:59]} 7. Nh3 {[%clk 0:03:07]} Bb7
{[%clk 0:03:00]} 8. Ng5 {[%clk 0:03:06]} Nd7 {[%clk 0:02:58]} 9. O-O-O
{[%clk 0:03:03]} Ngf6 {[%clk 0:02:50]} 10. f3 {[%clk 0:03:03]} c5
{[%clk 0:02:33]} 11. dxc5 {[%clk 0:02:54]} dxc5 {[%clk 0:02:34]} 12. Kb1
{[%clk 0:02:45]} O-O {[%clk 0:02:18]} 13. g4 {[%clk 0:02:45]} Ne5
{[%clk 0:02:08]} 14. Qf2 {[%clk 0:02:37]} Qc7 {[%clk 0:01:47]} 15. gxh5
{[%clk 0:02:35]} Nxh5 {[%clk 0:01:45]} 16. Bxc5 {[%clk 0:02:14]} Rac8
{[%clk 0:01:45]} 17. Bb6 {[%clk 0:02:04]} Qc6 {[%clk 0:01:35]} 18. Nd5
{[%clk 0:02:00]} Rfe8 {[%clk 0:01:26]} 19. Bh3 {[%clk 0:01:47]} e6
{[%clk 0:01:21]} 20. Nb4 {[%clk 0:01:11]} Qc4 {[%clk 0:01:11]} 21. Rd4
{[%clk 0:01:00]} Nd3 {[%clk 0:00:41]} 22. Rxc4 {[%clk 0:00:47]} Nxf2
{[%clk 0:00:41]} 23. Rxc8 {[%clk 0:00:48]} Rxc8 {[%clk 0:00:36]} 24. Bxf2
{[%clk 0:00:48]} 1-0

[Event "M?R 2020 v bleskovém ?achu druzstev"]
[Site "Turnov"]
[Date "2020.09.12"]
[Round "10.4"]
[White "Janousek DVO, Petr"]
[Black "Studnicka TUR_A, Tomas"]
[Result "1/2-1/2"]
[BlackElo "2155"]
[WhiteElo "2147"]
[LiveChessVersion "1.4.8"]

1. e4 {[%clk 0:02:53]} c5 {[%clk 0:03:03]} 2. Nf3 {[%clk 0:02:54]} Nc6
{[%clk 0:03:04]} 3. d3 {[%clk 0:02:54]} g6 {[%clk 0:03:05]} 4. g3
{[%clk 0:02:54]} Bg7 {[%clk 0:03:06]} 5. Bg2 {[%clk 0:02:55]} d6 {[%clk 0:03:07]}
6. O-O {[%clk 0:02:55]} Bd7 {[%clk 0:02:58]} 7. Re1 {[%clk 0:02:55]} Qc8
{[%clk 0:02:34]} 8. c3 {[%clk 0:02:53]} Bh3 {[%clk 0:02:33]} 9. d4
{[%clk 0:02:50]} cxd4 {[%clk 0:02:32]} 10. cxd4 {[%clk 0:02:51]} Bxg2
{[%clk 0:02:32]} 11. Kxg2 {[%clk 0:02:51]} Nh6 {[%clk 0:02:08]} 12. d5
{[%clk 0:02:42]} Ne5 {[%clk 0:02:08]} 13. Nxe5 {[%clk 0:02:37]} dxe5
{[%clk 0:02:09]} 14. Qa4+ {[%clk 0:02:34]} Qd7 {[%clk 0:02:09]} 15. Qxd7+
{[%clk 0:02:32]} Kxd7 {[%clk 0:02:10]} 16. Nc3 {[%clk 0:02:04]} Rhc8
{[%clk 0:02:09]} 17. f3 {[%clk 0:01:59]} f6 {[%clk 0:02:08]} 18. Be3
{[%clk 0:01:57]} Nf7 {[%clk 0:02:09]} 19. Rac1 {[%clk 0:01:36]} Bh6
{[%clk 0:02:10]} 20. Bxh6 {[%clk 0:01:28]} Nxh6 {[%clk 0:02:11]} 21. Na4
{[%clk 0:01:08]} b6 {[%clk 0:02:08]} 22. b3 {[%clk 0:00:49]} Nf7 {[%clk 0:02:08]}
23. Kf2 {[%clk 0:00:48]} Nd6 {[%clk 0:02:09]} 24. Ke3 {[%clk 0:00:47]} Nb5
{[%clk 0:02:08]} 25. Rc4 {[%clk 0:00:30]} Rxc4 26. bxc4 {[%clk 0:00:31]} Nd6
{[%clk 0:01:57]} 27. c5 {[%clk 0:00:28]} bxc5 {[%clk 0:01:39]} 28. Nxc5+
{[%clk 0:00:29]} Kd8 {[%clk 0:01:34]} 29. Ne6+ {[%clk 0:00:31]} Kd7
{[%clk 0:01:33]} 30. Nc5+ {[%clk 0:00:32]} Ke8 {[%clk 0:01:32]} 31. Rb1
{[%clk 0:00:28]} Rc8 {[%clk 0:01:33]} 32. Ne6 {[%clk 0:00:28]} Nc4+
{[%clk 0:01:26]} 33. Kf2 {[%clk 0:00:28]} Nb6 {[%clk 0:01:26]} 34. Rb2
{[%clk 0:00:27]} Kd7 {[%clk 0:01:22]} 35. a4 {[%clk 0:00:25]} Nxa4
{[%clk 0:01:00]} 36. Rb7+ {[%clk 0:00:26]} Ke8 {[%clk 0:01:02]} 37. Rxa7
{[%clk 0:00:25]} Nc5 {[%clk 0:01:03]} 38. Nxc5 {[%clk 0:00:18]} Rxc5
{[%clk 0:01:04]} 39. Ra8+ {[%clk 0:00:19]} Kf7 {[%clk 0:01:05]} 40. g4
{[%clk 0:00:17]} Rc2+ {[%clk 0:01:00]} 41. Kg3 {[%clk 0:00:18]} Rd2
{[%clk 0:00:53]} 42. Ra7 {[%clk 0:00:19]} h6 {[%clk 0:00:53]} 43. h4
{[%clk 0:00:20]} Rd3 {[%clk 0:00:53]} 44. Rb7 {[%clk 0:00:21]} Rd1
{[%clk 0:00:53]} 45. Kg2 {[%clk 0:00:21]} Kf8 {[%clk 0:00:46]} 46. Rb8+
{[%clk 0:00:22]} Kf7 {[%clk 0:00:45]} 47. Rb7 {[%clk 0:00:24]} h5
{[%clk 0:00:36]} 48. gxh5 {[%clk 0:00:23]} gxh5 {[%clk 0:00:37]} 49. Ra7
{[%clk 0:00:23]} Rd2+ {[%clk 0:00:35]} 50. Kg3 {[%clk 0:00:25]} Rd3
{[%clk 0:00:34]} 51. Rb7 {[%clk 0:00:26]} Rd1 {[%clk 0:00:28]} 1/2-1/2

[Event "M?R 2020 v bleskovém ?achu druzstev"]
[Site "Turnov"]
[Date "2020.09.12"]
[Round "10.5"]
[White "Bauer KOL, Jindrich"]
[Black "Vltavsky TUR_C, Vladimir"]
[Result "1-0"]
[BlackElo "2156"]
[WhiteElo "1949"]
[LiveChessVersion "1.4.8"]

1. e4 {[%clk 0:03:02]} c5 {[%clk 0:03:04]} 2. Nf3 {[%clk 0:03:02]} e6
{[%clk 0:03:05]} 3. d4 {[%clk 0:03:03]} cxd4 {[%clk 0:03:07]} 4. Nxd4 Nf6 5. Bd3
{[%clk 0:03:04]} Nc6 {[%clk 0:03:09]} 6. Nb3 {[%clk 0:03:03]} d5 {[%clk 0:03:10]}
7. exd5 {[%clk 0:03:02]} Nxd5 {[%clk 0:03:10]} 8. c3 {[%clk 0:03:02]} Bd6
{[%clk 0:03:07]} 9. O-O {[%clk 0:02:56]} O-O {[%clk 0:03:04]} 10. N1d2
{[%clk 0:02:56]} Nf4 {[%clk 0:03:00]} 11. Bc2 {[%clk 0:02:48]} f5
{[%clk 0:02:04]} 12. Nc4 {[%clk 0:02:36]} Bc7 {[%clk 0:02:02]} 13. Qf3
{[%clk 0:02:36]} e5 {[%clk 0:01:53]} 14. Bxf4 {[%clk 0:02:29]} exf4
{[%clk 0:01:51]} 15. Rad1 {[%clk 0:02:18]} Qf6 {[%clk 0:01:49]} 16. Rfe1
{[%clk 0:02:09]} Be6 {[%clk 0:01:45]} 17. Nd6 {[%clk 0:01:57]} Ne5
{[%clk 0:00:53]} 18. Qxb7 {[%clk 0:01:53]} Bb6 {[%clk 0:00:49]} 19. Nd4
{[%clk 0:01:42]} f3 {[%clk 0:00:45]} 20. Rxe5 {[%clk 0:01:27]} Qxe5
{[%clk 0:00:40]} 21. Nxe6 {[%clk 0:01:27]} Qe2 {[%clk 0:00:32]} 22. Qxg7# 1-0

[Event "M?R 2020 v bleskovém ?achu druzstev"]
[Site "Turnov"]
[Date "2020.09.12"]
[Round "10.6"]
[White "Marsalek TUR_C, Zdenek"]
[Black "Wasserbauer KOL, Radek"]
[Result "1-0"]
[BlackElo "2059"]
[WhiteElo "2297"]
[LiveChessVersion "1.4.8"]

1. d4 {[%clk 0:03:04]} d6 {[%clk 0:03:04]} 2. Nf3 {[%clk 0:03:03]} Bg4
{[%clk 0:03:04]} 3. Nbd2 {[%clk 0:03:03]} Nd7 {[%clk 0:03:05]} 4. h3
{[%clk 0:03:04]} Bxf3 {[%clk 0:03:06]} 5. Nxf3 {[%clk 0:03:05]} c6
{[%clk 0:03:08]} 6. g3 {[%clk 0:03:05]} Ngf6 {[%clk 0:03:09]} 7. Bg2
{[%clk 0:03:06]} g6 {[%clk 0:03:10]} 8. O-O {[%clk 0:03:07]} Bg7 {[%clk 0:03:12]}
9. c4 {[%clk 0:03:08]} O-O {[%clk 0:03:12]} 10. Qc2 {[%clk 0:03:08]} d5
{[%clk 0:03:06]} 11. Rd1 {[%clk 0:03:05]} dxc4 {[%clk 0:03:01]} 12. Qxc4
{[%clk 0:03:05]} Nb6 {[%clk 0:03:02]} 13. Qc2 {[%clk 0:03:01]} e6
{[%clk 0:03:03]} 14. e4 {[%clk 0:02:53]} Rc8 {[%clk 0:02:51]} 15. Be3
{[%clk 0:02:50]} Qe7 {[%clk 0:02:49]} 16. a3 {[%clk 0:02:46]} Rfd8
{[%clk 0:02:48]} 17. b4 {[%clk 0:02:45]} h6 {[%clk 0:02:40]} 18. Ne5
{[%clk 0:02:44]} Nfd7 {[%clk 0:02:29]} 19. Nd3 {[%clk 0:02:44]} e5
{[%clk 0:02:15]} 20. dxe5 {[%clk 0:02:40]} Nxe5 {[%clk 0:02:14]} 21. Nxe5
{[%clk 0:02:40]} Qxe5 {[%clk 0:02:04]} 22. Rxd8+ {[%clk 0:02:30]} Rxd8
{[%clk 0:02:04]} 23. Rd1 {[%clk 0:02:31]} Rxd1+ 24. Qxd1 {[%clk 0:02:31]} Qa1
{[%clk 0:01:56]} 25. Qxa1 {[%clk 0:02:32]} Bxa1 {[%clk 0:01:57]} 26. Bf1
{[%clk 0:01:53]} Bb2 {[%clk 0:01:52]} 27. a4 {[%clk 0:01:53]} Nxa4
{[%clk 0:01:46]} 28. Bxa7 {[%clk 0:01:52]} Bc3 {[%clk 0:01:41]} 29. b5
{[%clk 0:01:51]} Kf8 {[%clk 0:01:16]} 30. bxc6 {[%clk 0:01:44]} bxc6
{[%clk 0:01:17]} 31. Bc4 {[%clk 0:01:44]} Nb2 {[%clk 0:01:11]} 32. Bc5+
{[%clk 0:01:40]} Kg7 {[%clk 0:01:12]} 33. Be2 {[%clk 0:01:38]} Na4
{[%clk 0:01:11]} 34. Ba7 {[%clk 0:01:38]} Bb4 {[%clk 0:01:02]} 35. Kg2
{[%clk 0:01:37]} Nc5 {[%clk 0:00:59]} 36. Kf3 {[%clk 0:01:32]} Ne6
{[%clk 0:01:00]} 37. Bc4 {[%clk 0:01:27]} Ng5+ {[%clk 0:01:02]} 38. Ke3
{[%clk 0:01:24]} Ne6 {[%clk 0:00:29]} 39. Kd3 {[%clk 0:01:18]} Bc5
{[%clk 0:00:19]} 40. Bxc5 {[%clk 0:01:11]} Nxc5+ {[%clk 0:00:20]} 41. Kd4
{[%clk 0:01:12]} Nd7 {[%clk 0:00:22]} 42. f4 {[%clk 0:01:11]} Kf6
{[%clk 0:00:21]} 43. g4 {[%clk 0:01:06]} Ke7 {[%clk 0:00:19]} 44. Ba6
{[%clk 0:01:04]} g5 {[%clk 0:00:10]} 45. fxg5 {[%clk 0:00:58]} hxg5
{[%clk 0:00:10]} 46. e5 {[%clk 0:00:54]} Nf8 {[%clk 0:00:09]} 47. Bb7
{[%clk 0:00:50]} Kd7 {[%clk 0:00:05]} 48. Ke4 {[%clk 0:00:50]} c5 49. Bd5 Ng6 1-0

[Event "M?R 2020 v bleskovém ?achu druzstev"]
[Site "Turnov"]
[Date "2020.09.12"]
[Round "10.7"]
[White "Cozl KOL, David"]
[Black "Sykora TUR_C, Marek"]
[Result "0-1"]
[BlackElo "1981"]
[WhiteElo "1942"]
[LiveChessVersion "1.4.8"]

1. Nf3 {[%clk 0:03:02]} d5 {[%clk 0:03:03]} 2. g3 {[%clk 0:03:03]} c5
{[%clk 0:03:01]} 3. Bg2 {[%clk 0:03:03]} Nc6 {[%clk 0:03:03]} 4. O-O
{[%clk 0:03:02]} e5 {[%clk 0:03:03]} 5. b3 {[%clk 0:03:02]} Bd6 {[%clk 0:03:01]}
6. Bb2 {[%clk 0:03:03]} f6 {[%clk 0:02:55]} 7. d3 {[%clk 0:03:02]} Nge7
{[%clk 0:02:54]} 8. e4 {[%clk 0:03:02]} O-O {[%clk 0:02:50]} 9. exd5
{[%clk 0:03:00]} Nxd5 {[%clk 0:02:48]} 10. Na3 {[%clk 0:02:33]} Bc7
{[%clk 0:02:36]} 11. Nb5 {[%clk 0:02:32]} Bb8 {[%clk 0:02:27]} 12. Re1
{[%clk 0:02:28]} a6 {[%clk 0:02:26]} 13. Na3 {[%clk 0:02:26]} Bg4
{[%clk 0:02:15]} 14. Qd2 {[%clk 0:02:24]} Qd7 {[%clk 0:02:04]} 15. Re4
{[%clk 0:02:23]} Bf5 {[%clk 0:01:48]} 16. Rh4 {[%clk 0:02:21]} Bc7
{[%clk 0:01:32]} 17. Nc4 {[%clk 0:02:19]} Rae8 {[%clk 0:01:29]} 18. Rh5
{[%clk 0:02:12]} Bg6 {[%clk 0:01:26]} 19. Rh4 {[%clk 0:02:07]} Nd4
{[%clk 0:01:15]} 20. Ne3 {[%clk 0:01:47]} Nxe3 {[%clk 0:01:04]} 21. fxe3
{[%clk 0:01:47]} Nf5 {[%clk 0:01:04]} 22. Ra4 {[%clk 0:01:30]} Nd6
{[%clk 0:00:52]} 23. Nh4 {[%clk 0:01:27]} Bf7 {[%clk 0:00:50]} 24. Rf1
{[%clk 0:01:23]} Bb8 {[%clk 0:00:40]} 25. e4 {[%clk 0:01:24]} Ba7
{[%clk 0:00:41]} 26. Kh1 {[%clk 0:01:24]} Nc8 {[%clk 0:00:38]} 27. Nf5
{[%clk 0:01:24]} Nb6 {[%clk 0:00:38]} 28. Ra5 {[%clk 0:01:18]} Rc8
{[%clk 0:00:30]} 29. Bc1 {[%clk 0:01:18]} Be6 {[%clk 0:00:25]} 30. Qe2
{[%clk 0:01:16]} Na8 {[%clk 0:00:19]} 31. Qh5 {[%clk 0:01:17]} Nc7
{[%clk 0:00:16]} 32. Be3 {[%clk 0:01:10]} b6 {[%clk 0:00:14]} 33. Ra3
{[%clk 0:01:07]} Bxf5 {[%clk 0:00:09]} 34. Qxf5 {[%clk 0:00:51]} Qxf5
{[%clk 0:00:10]} 35. Rxf5 a5 36. Bh3 {[%clk 0:00:40]} Rcd8 {[%clk 0:00:12]} 37.
Bf1 {[%clk 0:00:33]} Bb8 {[%clk 0:00:12]} 38. c3 {[%clk 0:00:33]} Nb5
{[%clk 0:00:12]} 39. Ra4 {[%clk 0:00:30]} Nxc3 {[%clk 0:00:12]} 40. Rc4
{[%clk 0:00:30]} Nxa2 {[%clk 0:00:13]} 41. Rc2 Nb4 42. Rd2 {[%clk 0:00:28]} Rd7
{[%clk 0:00:13]} 43. g4 {[%clk 0:00:28]} Rfd8 {[%clk 0:00:14]} 44. g5
{[%clk 0:00:29]} Nxd3 {[%clk 0:00:11]} 45. gxf6 {[%clk 0:00:29]} gxf6
{[%clk 0:00:11]} 46. Bh6 {[%clk 0:00:28]} Nf4 {[%clk 0:00:11]} 47. Bc4+
{[%clk 0:00:25]} Kh8 {[%clk 0:00:10]} 48. Rxd7 {[%clk 0:00:13]} Rxd7
{[%clk 0:00:12]} 49. h4 {[%clk 0:00:13]} Rd6 {[%clk 0:00:11]} 50. Bxf4
{[%clk 0:00:09]} exf4 {[%clk 0:00:12]} 51. Rxf4 {[%clk 0:00:10]} Rd1+
{[%clk 0:00:13]} 52. Kg2 {[%clk 0:00:11]} Bxf4 {[%clk 0:00:14]} 0-1

[Event "M?R 2020 v bleskovém ?achu druzstev"]
[Site "Turnov"]
[Date "2020.09.12"]
[Round "10.8"]
[White "Sykora TUR_C, Ondrej"]
[Black "Urban KOL, Tomas"]
[Result "1-0"]
[BlackElo "1738"]
[WhiteElo "2125"]
[LiveChessVersion "1.4.8"]

1. e4 {[%clk 0:03:01]} d6 {[%clk 0:03:03]} 2. c4 {[%clk 0:02:59]} Nf6
{[%clk 0:03:04]} 3. d3 {[%clk 0:02:59]} Nbd7 {[%clk 0:03:05]} 4. Nc3
{[%clk 0:03:00]} e5 {[%clk 0:03:06]} 5. f4 {[%clk 0:03:01]} Be7 {[%clk 0:03:04]}
6. Nf3 {[%clk 0:03:02]} c6 {[%clk 0:03:05]} 7. g3 {[%clk 0:02:59]} Qc7
{[%clk 0:03:06]} 8. Bg2 {[%clk 0:03:00]} h6 {[%clk 0:03:07]} 9. O-O
{[%clk 0:03:01]} Nf8 {[%clk 0:02:44]} 10. h3 {[%clk 0:03:00]} Bd7
{[%clk 0:02:33]} 11. d4 {[%clk 0:03:01]} exd4 {[%clk 0:02:22]} 12. Nxd4
{[%clk 0:03:01]} Ne6 {[%clk 0:02:09]} 13. Nf5 {[%clk 0:02:58]} O-O-O
{[%clk 0:02:08]} 14. Nxe7+ {[%clk 0:02:58]} Kb8 {[%clk 0:02:09]} 15. Nf5
{[%clk 0:02:43]} Nc5 {[%clk 0:02:01]} 16. Qxd6 {[%clk 0:02:35]} Ncxe4
{[%clk 0:01:45]} 17. Qxc7+ {[%clk 0:02:16]} Kxc7 {[%clk 0:01:46]} 18. Nxe4
{[%clk 0:02:11]} Nxe4 {[%clk 0:01:42]} 19. Bxe4 {[%clk 0:02:10]} Rhe8
{[%clk 0:01:35]} 20. Bb1 {[%clk 0:02:00]} Re2 {[%clk 0:01:30]} 21. Nd4
{[%clk 0:01:44]} Bxh3 {[%clk 0:01:08]} 22. Nxe2 {[%clk 0:01:43]} 1-0

[Event "M?R 2020 v bleskovém ?achu druzstev"]
[Site "Turnov"]
[Date "2020.09.12"]
[Round "11.1"]
[White "Urban JIC, Zdenek"]
[Black "Kraus TUR_A, Tomas"]
[Result "0-1"]
[BlackElo "2417"]
[WhiteElo "2108"]
[LiveChessVersion "1.4.8"]

1. d4 {[%clk 0:03:04]} d5 {[%clk 0:03:04]} 2. c4 {[%clk 0:03:05]} e6
{[%clk 0:03:05]} 3. Nc3 {[%clk 0:03:05]} Bb4 {[%clk 0:03:06]} 4. Nf3
{[%clk 0:03:04]} dxc4 {[%clk 0:03:06]} 5. e3 {[%clk 0:02:52]} b5 {[%clk 0:03:07]}
6. Bd2 {[%clk 0:02:52]} c6 {[%clk 0:02:56]} 7. a4 {[%clk 0:02:53]} a5
{[%clk 0:02:55]} 8. axb5 {[%clk 0:02:52]} Bxc3 {[%clk 0:02:55]} 9. Bxc3
{[%clk 0:02:38]} cxb5 {[%clk 0:02:56]} 10. d5 {[%clk 0:02:38]} Nf6
{[%clk 0:02:44]} 11. dxe6 {[%clk 0:02:36]} Qxd1+ 12. Kxd1 {[%clk 0:02:36]} Bxe6
{[%clk 0:02:15]} 13. Rxa5 {[%clk 0:02:36]} Rxa5 {[%clk 0:02:16]} 14. Bxa5
{[%clk 0:02:37]} Nc6 {[%clk 0:02:17]} 15. Bc3 {[%clk 0:02:36]} Ne4
{[%clk 0:02:08]} 16. Be1 {[%clk 0:02:19]} Ke7 {[%clk 0:01:58]} 17. Nd2
{[%clk 0:02:09]} Rd8 {[%clk 0:01:52]} 18. Ke2 {[%clk 0:02:09]} Nc5
{[%clk 0:01:49]} 19. Nf3 {[%clk 0:01:57]} b4 {[%clk 0:00:57]} 20. Nd4
{[%clk 0:01:57]} Nxd4+ {[%clk 0:00:57]} 21. exd4 {[%clk 0:01:57]} 0-1

[Event "M?R 2020 v bleskovém ?achu druzstev"]
[Site "Turnov"]
[Date "2020.09.12"]
[Round "11.2"]
[White "Simacek TUR_A, Pavel"]
[Black "Buchar JIC, Petr"]
[Result "1-0"]
[BlackElo "2000"]
[WhiteElo "2407"]
[LiveChessVersion "1.4.8"]

1. e4 c5 2. Nf3 {[%clk 0:03:02]} Nc6 {[%clk 0:03:05]} 3. d4 {[%clk 0:03:02]} cxd4
{[%clk 0:03:07]} 4. Nxd4 {[%clk 0:03:04]} Nf6 {[%clk 0:03:08]} 5. Nc3
{[%clk 0:03:04]} e5 {[%clk 0:03:10]} 6. Ndb5 {[%clk 0:03:05]} d6 {[%clk 0:03:11]}
7. Nd5 {[%clk 0:03:00]} Nxd5 {[%clk 0:03:10]} 8. exd5 {[%clk 0:03:00]} Ne7
{[%clk 0:03:11]} 9. a4 {[%clk 0:02:54]} Ng6 {[%clk 0:03:12]} 10. g3
{[%clk 0:02:45]} Be7 {[%clk 0:03:10]} 11. Bg2 {[%clk 0:02:45]} a6
{[%clk 0:03:04]} 12. Na3 {[%clk 0:02:41]} O-O {[%clk 0:02:52]} 13. O-O
{[%clk 0:02:41]} f5 {[%clk 0:02:53]} 14. Nc4 {[%clk 0:02:33]} Bd7
{[%clk 0:02:48]} 15. b3 {[%clk 0:02:30]} Rc8 {[%clk 0:02:44]} 16. Be3
{[%clk 0:02:25]} f4 {[%clk 0:02:36]} 17. Bb6 {[%clk 0:02:21]} Qe8
{[%clk 0:02:35]} 18. Ba5 {[%clk 0:02:03]} fxg3 {[%clk 0:02:35]} 19. fxg3
{[%clk 0:01:48]} Rxf1+ {[%clk 0:02:34]} 20. Qxf1 {[%clk 0:01:49]} b5
{[%clk 0:02:31]} 21. Nb6 {[%clk 0:01:49]} Rxc2 {[%clk 0:02:25]} 22. Nxd7
{[%clk 0:01:48]} Qxd7 {[%clk 0:02:25]} 23. Be4 {[%clk 0:01:43]} Rb2
{[%clk 0:01:44]} 24. Rc1 {[%clk 0:01:06]} Rxb3 {[%clk 0:01:00]} 25. Rc7
{[%clk 0:01:05]} Qe8 {[%clk 0:00:56]} 26. Bf5 {[%clk 0:01:05]} Nf8
{[%clk 0:00:38]} 27. Rc8 {[%clk 0:00:58]} Qf7 {[%clk 0:00:05]} 28. Be6 Rb2 1-0

[Event "M?R 2020 v bleskovém ?achu druzstev"]
[Site "Turnov"]
[Date "2020.09.12"]
[Round "11.3"]
[White "Kohout JIC, Jan"]
[Black "Vykouk TUR_A, Jan"]
[Result "0-1"]
[BlackElo "2374"]
[WhiteElo "1911"]
[LiveChessVersion "1.4.8"]

1. d4 {[%clk 0:03:03]} Nf6 2. c3 g6 {[%clk 0:03:02]} 3. f4 {[%clk 0:03:05]} Bg7
{[%clk 0:03:02]} 4. Nf3 {[%clk 0:03:07]} O-O {[%clk 0:03:01]} 5. e3
{[%clk 0:03:08]} d6 {[%clk 0:03:02]} 6. Bd3 {[%clk 0:03:07]} Nbd7
{[%clk 0:03:03]} 7. e4 {[%clk 0:03:07]} e5 {[%clk 0:03:03]} 8. d5
{[%clk 0:03:06]} exf4 {[%clk 0:03:03]} 9. Bxf4 {[%clk 0:03:07]} Nc5
{[%clk 0:03:04]} 10. O-O {[%clk 0:03:01]} Nfxe4 {[%clk 0:03:02]} 11. Bxe4
{[%clk 0:03:01]} Nxe4 {[%clk 0:03:03]} 12. Nbd2 {[%clk 0:02:59]} Nxd2
{[%clk 0:03:02]} 13. Qxd2 {[%clk 0:03:00]} Bg4 {[%clk 0:02:56]} 14. Rae1
{[%clk 0:02:59]} Bxf3 {[%clk 0:02:53]} 15. Rxf3 {[%clk 0:02:59]} Re8
{[%clk 0:02:53]} 16. Ref1 {[%clk 0:02:58]} f5 {[%clk 0:02:48]} 17. Bg5
{[%clk 0:02:53]} Qd7 {[%clk 0:02:49]} 18. Bh6 {[%clk 0:02:45]} Re4
{[%clk 0:02:42]} 19. Bxg7 {[%clk 0:02:37]} Kxg7 {[%clk 0:02:35]} 20. Qg5
{[%clk 0:02:32]} h6 {[%clk 0:02:00]} 21. Qg3 {[%clk 0:02:17]} Kh7
{[%clk 0:01:33]} 22. h4 {[%clk 0:01:45]} h5 {[%clk 0:01:25]} 23. Rf4
{[%clk 0:01:14]} Rae8 {[%clk 0:01:23]} 24. Qg5 {[%clk 0:01:13]} Rxf4
{[%clk 0:01:13]} 25. Rxf4 {[%clk 0:01:04]} Qe7 {[%clk 0:01:07]} 26. Qg3
{[%clk 0:00:43]} Qe1+ {[%clk 0:01:05]} 27. Qxe1 {[%clk 0:00:28]} Rxe1+
{[%clk 0:01:05]} 28. Kf2 {[%clk 0:00:29]} Re7 {[%clk 0:01:05]} 29. b3
{[%clk 0:00:25]} Kg7 {[%clk 0:01:05]} 30. c4 {[%clk 0:00:26]} Kf6
{[%clk 0:01:06]} 31. Rf3 {[%clk 0:00:24]} Re4 {[%clk 0:01:06]} 32. g3
{[%clk 0:00:24]} Ke5 {[%clk 0:01:05]} 33. Rc3 {[%clk 0:00:23]} Kd4
{[%clk 0:01:00]} 34. Rc1 {[%clk 0:00:22]} b6 {[%clk 0:00:54]} 35. a4
{[%clk 0:00:17]} a5 {[%clk 0:00:55]} 36. Rb1 {[%clk 0:00:12]} Kc3
{[%clk 0:00:54]} 37. Kf3 {[%clk 0:00:12]} Kc2 {[%clk 0:00:55]} 38. Ra1
{[%clk 0:00:10]} Kxb3 {[%clk 0:00:54]} 0-1